Melhores Estádios de Futebol do Brasil - Statistics

Estatísticas Gerais
  • Esse quiz foi jogado 419 vezes
  • A pontuação média é 18 de 30
Estatísticas das Respostas
Estado Cidade Capacidade Média Resposta % Correto
6 RJ Rio de Janeiro 78.838 5 Maracanã
96%
14 SP São Paulo 67.052 5 Morumbi
92%
7 MG Belo Horizonte 62.547 5 Mineirão
90%
12 RS Porto Alegre 51.200 5 Beira-Rio
87%
3 RS Porto Alegre 60.540 5 Arena do Grêmio
84%
8 SP São Paulo 43.713 5 Allianz Parque
82%
5 CE Fortaleza 67.037 5 Castelão
82%
2 PR Curitiba 42.370 5 Arena da Baixada
80%
13 DF Brasília 71.400 5 Mané Garrincha
80%
28 SP Santos 16.798 3 Vila Belmiro
79%
9 SP São Paulo 49.205 5 Arena Corinthians
78%
11 BA Salvador 51.708 5 Arena Fonte Nova
76%
23 PR Curitiba 34.872 3 Couto Pereira
70%
15 MT Cuiabá 41.112 4 Arena Pantanal
67%
27 RJ Rio de Janeiro 24.585 3 São Januário
67%
1 RN Natal 32.050 5 Arena das Dunas
66%
29 MG Belo Horizonte 23.000 3 Arena Independência
58%
19 SP Barueri 31.452 3 Arena Barueri
52%
4 PE São Lourenço da Mata 46.154 5 Arena Pernambuco
52%
26 SP São Paulo 37.730 3 Pacaembu
51%
17 SC Florianópolis 17.800 3 Ressacada
49%
10 AM Manaus 40.549 5 Arena da Amazônia
46%
25 SC Florianópolis 19.584 3 Orlando Scarpelli
39%
21 SC Joinville 22.000 3 Arena Joinville
34%
16 BA Salvador 32.157 4 Pituaçu
29%
18 PR Curitiba 16.720 3 Vila Capanema
28%
20 SP Araraquara 20.000 3 Arena da Fonte
27%
24 SP Presidente Prudente 45.954 3 José Farah
25%
30 RJ Mesquita 13.000 3 Edson Passos
11%
22 RS Canoas 10.000 3 Complexo Esportivo
2%
Nenhum quiz correspondente encontrado
Distribuição das Pontuações
Porcentagem de Pessoas com Cada Pontuação
Percentil de Números Respondidos
Sua Pontuação Histórica
Você não jogou esse quiz